Quizzes
Events
Quiz Creation
Community
Videos
Private Events
Remove Ads
Sign In
Join for FREE
Feedback
Dark Mode
Quiz Categories
Sports
Geography
Music
Movies
Television
Just For Fun
Miscellaneous
History
Literature
Language
Science
Gaming
Entertainment
Religion
Holiday
For Kids
Quiz Lab
Recent
Popular Today
Quiz Kudos Today
Editor Picks
Curator Picks
Quizzes by...
Day
Popularity
Type
Ratings
Length
Year
Community
Subscriptions
Recent Discussions
Orange Saloon
Badges
Playlists
Quests
Create
Leaderboards
Showdown
Live 5
Trivia Bingo
Activity
Puzzle Library
Sporcle Events
Private Events
Virtual Trivia
Globe League
Become a Host
Pub Owners
SporcleCon
Opinionation
Our Games
Videos
Blog
Mobile Apps
Partnerships
Remove Ads and Go Orange
Feedback
Language
Vocabulary
Begins and Ends
Definition
Spanish
French
German
Italian
Chinese
Latin
Translation
Japanese
Language
Vocabulary
Begins and Ends
Definition
Spanish
French
German
Italian
Chinese
Latin
Translation
Japanese
Random Quiz
Search Sporcle
×
Quiz Lab
Quiz Lab
Language
German
Type in answers that appear in a list
Type in answers that appear in a list
Classic
Best Score? Go Orange.
German Personal Pronouns (nom/akk/dat) Stats
Can you name the German personal pronouns?
By
Lirio
3m
27 Questions
285 Plays
285 Plays
285 Plays
Comments
Comments
Give Quiz Kudos
Give Quiz Kudos
-
- Ratings
hide this ad
Forced Order
Answers have to be entered in order
Answers have to be entered in order
Random Order
Randomize order of answers
Randomize order of answers
Replay
Link that replays current quiz
Next Quiz
Link to next quiz in quiz playlist
You Got
0%
They Got
Avg Score
78%
Avg Friend Score
Upgrade to see
Score Distribution
Jump to the score distribution portion of the page
Score
0/27
Timer
03:00
0
Plays Today
English Pronoun
German Pronoun
% Correct
We
wir
87.7%
I
ich
87.4%
He
er
87.4%
It
es
87.4%
They
sie
84.9%
Me
mich
84.9%
Us
uns
84.6%
She
sie
84.2%
It
es
84.2%
You (informal)
du
83.9%
Him
ihm
83.9%
Us
uns
82.5%
Her
sie
81.8%
Me
mir
81.1%
English Pronoun
German Pronoun
% Correct
You /
You All (formal)
Sie
79.6%
Him
ihn
79.6%
You (informal)
dich
76.5%
Them
sie
75.8%
Her
ihr
75.4%
You All
ihr
73.7%
You (informal)
dir
73.7%
You /
You All (formal)
Sie
71.2%
You All
euch
69.1%
It
ihm
69.1%
Them
ihnen
68.4%
You All
euch
66%
You /
You All (formal)
Ihnen
64.2%
Quiz Playlist
Details
Report
Send in Message
Add To Playlist
Classic:
Type in answers that appear in a list
Forced Order:
Answers have to be entered in order
Random Order:
Randomize order of answers
Last Updated: Feb 16, 2017
Quiz Scoreboard
CHALLENGE
Sign Up to Join the Scoreboard
Show All
Scores
Hide
Comments
May contain spoilers
Recently Published
Alphabetical 'K' Countries by Flag Minefield
by ylime102
Geography
3m
Pick 6: Fruits
by JohnFran
Miscellaneous
15s
Click the 1999 NBA Draft
by nibperrychub
Sports
2m
More to Explore
Quiz From the Vault
Featured Blog Post
15 Basketball Trivia Facts You Can Be March Mad About
hide this ad
You Might Also Like...
Tags
German Quiz
case
dat
English
nom
Personal
pronoun
Today's Top Quizzes in Language
Browse Language
hide this ad
Today's Top Quizzes in German
Browse German
Top Contributed Quizzes in Language
1
Einsilbige Reime auf Chips
2
Linguistic Evolution! (V)
3
Trivia Jigsaw: Language
4
Guess the Word in 3 Words
5
One-Minute Crossword CCLVI
6
Here... Let me make up a word for that
7
Hiragana Speed Reading
8
1960s Slang
9
AP Lang. Literary Terms
10
One-Minute Crossword CCLV
Explore More
Trending Topics
Marvel
Disney
Crossword
NBA
Anime
Kpop
Harry Potter
Pokémon
Song
WWE
Country
The Office
NFL
Puzzle
Soccer
hide this ad
More By:
Lirio
Quiz
Plays
Rating
Category
Featured
Created
German Personal Pronouns (nom/akk/dat)
285
5.00
Language
Jan 20, 2014
'Wie Geht's' Wortschatz (Kap.5-1)
6
Language
Jan 20, 2014
Go to Creator's Profile
Score Distribution
Quiz Creator Spotlight
Lirio
Follow
Send a Message
Quizzes Created
-
Created Quiz Play Count
-
More By This Creator
Popular Quizzes Today
1
Match the Book to the Film X
2
DC Extended Universe: Oldest to Newest
3
Medical Shows by Picture
4
Keanu Reeves Movies
5
'Inside Out' Cast
6
Animal Sorting Blitz
7
Least Populous Country of World per Letter Minefield
8
McDonald's or Burger King?
More Language Quizzes
Alphabetically Consecutive III
Curator's Pick
Trending Quizzes
First Name TV: Leading Men
Match the Book to the Film II
First Name TV: Leading Women Drama
Match the Book to the Film VI
Pick A Pair: Religious TV
Recently Updated
Women's Final Four Teams by Year
bhenderson79
Presidents Quartet II
eogle
Anything But Clue(do)
eogle
Anything But Oceanian Capitals
eogle
Anything But 7
eogle
Anything But Thing
eogle
Word Ladder: February 29
pecheneg
Song Title Questions
pecheneg
Women's NCAA Tournament #1 Seeds
pecheneg
Celebrity Mug Shots
pecheneg
Trending Topics
NBA
Harry Potter
Crossword
Disney
Anime
Marvel
Kpop
Soccer
The Office
Puzzle
Song
Pokémon
NFL
WWE
Country
Your Account Isn't Verified!
In order to create a playlist on Sporcle, you need to verify the email address you used during registration. Go to your
Sporcle Settings
to finish the process.
Report this User
Report this user for behavior that violates our
Community Guidelines
.
Details:
Send Report
Go to the Sporcle.com Mobile Site →
Comments